000 00709nam a2200241Ia 4500
003 OSt
005 20220926003138.0
006 a|||||r|||| 00| 0
007 ta
008 220923b |||||||| |||| 00| 0 eng d
020 _a0199469121
_c995.00
037 _cGeneral Book
040 _aRTL
_cRTL
_beng
041 _2eng
_aeng
082 _aY:393.212, Q7
100 _aVARUGHESE Shiju Sam
_9306980
245 0 _aContested knowledge
_b Science, media, and democracy in Kerala.
260 _a New Delhi
_bOxford University Press
_c2017
300 _axvi 290p.
_ccm.
650 _aSociology
942 _hY:393.212, Q7
_cGB
_2CC
999 _c607081
_d607081